El marco teórico-político del proceso de descentralización educativa: 1973 - 1983
Gorde:
| Egile nagusia: | |
|---|---|
| Beste egile batzuk: | |
| Formatua: | Liburua |
| Hizkuntza: | gaztelania |
| Argitaratua: |
Santiago
P.I.I.E
1983
|
| Gaiak: | |
| Etiketak: |
Etiketa erantsi
Etiketarik gabe, Izan zaitez lehena erregistro honi etiketa jartzen!
|
MARC
| LEADER | 00000nam a2200000 a 4500 | ||
|---|---|---|---|
| 001 | UCY0274 | ||
| 003 | CL-VaPUC | ||
| 008 | 940720e19830000CL |||||||||||||||||spa|d | ||
| 082 | 0 | 4 | |a 379.154 |b EGA |2 21 |
| 100 | 0 | |a Egaña, Loreto |e author |9 327912 | |
| 700 | |a Magendzo K., Abraham |e autor |9 616737 | ||
| 245 | 1 | 3 | |a El marco teórico-político del proceso de descentralización educativa: 1973 - 1983 |
| 300 | |a 135 h | ||
| 942 | |c BK | ||
| 945 | |d 19940720 00:00:00 |a rbrito | ||
| 260 | |a Santiago |b P.I.I.E |c 1983 | ||
| 650 | 0 | |a Política educacional |9 308011 | |
| 650 | 0 | |a Estado y educación |9 311264 | |
| 650 | 0 | |a Democratización de la educación |9 307986 | |
| 583 | |a last modification |c 19940720 00:00:00 |k Rodrigo Vera | ||
| 999 | |c 229309 |d 229307 | ||
| 952 | |0 0 |1 0 |4 0 |6 379_154000000000000_EGA_1983 |7 0 |8 P |9 230248 |a BIBEDU |b BIBEDU |c BIBEDU_PB |d 2019-11-15 |i 2992272 |o 379.154 EGA 1983 |p 2992272 |r 2024-01-25 |w 2019-11-15 |y BK |k EDU | ||
| 952 | |0 0 |1 0 |4 0 |6 379_154000000000000_EGA_1983 |7 0 |8 P |9 230249 |a BIBDER |b BIBDER |d 2019-11-15 |i 2529327 |o 379.154 EGA 1983 |p 2529327 |r 2023-01-25 |w 2019-11-15 |y BK |k DER | ||